000 00707nam a2200253Ia 4500
003 OSt
005 20220918224611.0
006 a|||||r|||| 00| 0
007 ta
008 220917b |||||||| |||| 00| 0 eng d
024 _a230,281
037 _cTextual
040 _aARTS
_cARTS
_beng
041 _2eng
_aeng
082 _aO111:g(V3.P), P3
100 _aBrannigan John
_916013
245 0 _aOrwell to the present
_b literature in England 1945 - 2000
260 _aNew York
_bPalgrave Macmillan
_c2003
300 _ax, 244p.
_ccm.
490 _aTransitions
650 _aENGLISH LITERATURE
942 _hO111:g(V3.P), P3
_cTEXL
_2CC
999 _c281750
_d281750